Boron doped carbon quantum dots preparation, characterization and potential application /
When thinking about adding dopants to carbon quantum dots, the element boron, which has a similar atomic radius to carbon, is a rather natural candidate. However, the carbon quantum dots surface can drastically alter the electrical properties and, as a result, the optical behaviour of hetero-atoms w...
Elmentve itt :
| Szerzők: | |
|---|---|
| Testületi szerző: | |
| Dokumentumtípus: | Könyv része |
| Megjelent: |
University of Szeged
Szeged
2024
|
| Sorozat: | Proceedings of the International Symposium on Analytical and Environmental Problems
30 |
| Kulcsszavak: | Analitikai kémia, Nanotechnológia |
| Tárgyszavak: | |
| Online Access: | http://acta.bibl.u-szeged.hu/85751 |
| LEADER | 02233naa a2200289 i 4500 | ||
|---|---|---|---|
| 001 | acta85751 | ||
| 005 | 20241127083803.0 | ||
| 008 | 241127s2024 hu o 100 eng d | ||
| 020 | |a 978-963-688-009-5 | ||
| 040 | |a SZTE Egyetemi Kiadványok Repozitórium |b hun | ||
| 041 | |a eng | ||
| 100 | 1 | |a Tot Nataša | |
| 245 | 1 | 0 | |a Boron doped carbon quantum dots |h [elektronikus dokumentum] : |b preparation, characterization and potential application / |c Tot Nataša |
| 260 | |a University of Szeged |b Szeged |c 2024 | ||
| 300 | |a 326-330 | ||
| 490 | 0 | |a Proceedings of the International Symposium on Analytical and Environmental Problems |v 30 | |
| 520 | 3 | |a When thinking about adding dopants to carbon quantum dots, the element boron, which has a similar atomic radius to carbon, is a rather natural candidate. However, the carbon quantum dots surface can drastically alter the electrical properties and, as a result, the optical behaviour of hetero-atoms with more electrons than carbon. Despite the fact that boron is a heteroatom with less electrons than carbon, the majority of research publications on boron addition that have been published focus on boron/nitrogen co-doping, and there is very little work that specifically discusses boron doping. The presented research illustrates a straightforward, environmentally friendly method for creating boron doped carbon quantum dots. This is the first report on boron doped carbon quantum dots microwave synthesis under specific reaction circumstances that we are aware of in the literature. Prepared boron doped carbon quantum dots showed high photo-catalytic activity towards the model organic dye Rose Bengal chosen for this purpose, with 84% of the Rose Bengal dye removed. | |
| 650 | 4 | |a Természettudományok | |
| 650 | 4 | |a Kémiai tudományok | |
| 695 | |a Analitikai kémia, Nanotechnológia | ||
| 700 | 0 | 1 | |a Vasiljević Bojana |e aut |
| 700 | 0 | 1 | |a Despotović Vesna |e aut |
| 700 | 0 | 1 | |a Kozić Jelena |e aut |
| 700 | 0 | 1 | |a Kleut Duška |e aut |
| 700 | 0 | 1 | |a Prekodravac Jovana |e aut |
| 711 | |a 30th International Symposium on Analytical and Environmental Problems |c Szeged |d 2024. október 7-8. | ||
| 856 | 4 | 0 | |u http://acta.bibl.u-szeged.hu/85751/1/proceedings_of_isaep_2024_326-330.pdf |z Dokumentum-elérés |